000 02149nam0a2200409 4500
001 RU\NLR\bibl\1458703
005 20260406160608.0
010 _a978-5-93898-239-0
_9900
021 _aRU
_b2009-95303
_96044
035 _a(NLR Aleph) 001450483
090 _a1519940
_c1519940
100 _a20090930d2009 |||y0rusy50 ca
101 1 _arus
_cfre
102 _aRU
105 _aa |||||||||
200 1 _aКандид, или Оптимизм
_e[сборник]
_fВольтер
_gпер. с фр. Ф.К. Соллогуба
_g[послесл. и коммент. А.Д. Михайлова]
_gил. Умберто Брунеллески
210 _aСанкт-Петербург
_cВита Нова
_d2009
215 _a253, [1] с.
_cил., цв. ил.
_d25
225 1 _aФамильная библиотека
_iБудуар
300 _aВ макете загл.: Кандид
300 _aВ аннот. авт.: Мари-Франсуа Аруэ - псевд. Вольтер
300 _aНа обл. авт. не указан
327 1 _aСодерж.: Кандид, или Оптимизм: повесть; новеллы: Кривой ключник; Кози-Санкта. Малое зло ради великого блага: африканская повесть; Мемнон, или Благоразумие людское; Двое утешенных; История путешествий Сакраменадо, написанная им самим
517 0 _aКандид
517 0 _aОптимизм
600 1 _aБрунеллески
_bУ.
_f1879 - 1949
_gУмберто
_92580569
_3RU\NLR\auth\661525570
686 _aЩ103(4Ит)5-8Брунеллески
686 _aШ6(4Фр)457-4{Лх1645-45}
700 1 _4070
_7ca
_8rus
_aВольтер
_bФ. М.
_f1694-1778
_gФрансуа Мари
_9118227
_3RU\NLR\auth\778316
702 1 _4440
_7ca
_8rus
_aБрунеллески
_bУ.
_f1879-1949
_gУмберто
_9190643
_3RU\NLR\AUTH\770190694
801 0 _aRU
_bNLR
_c20090930
_gRCR
801 1 _aRU
_bNLR
_c20090930
830 _aлица по кн.
942 _cBOOK
980 _aNB